| 000 | 01546cam a22004457a 4500 | ||
|---|---|---|---|
| 001 | 000092361 | ||
| 003 | CHAP | ||
| 005 | 20220817043947.0 | ||
| 008 | 040921d1988 mx a r 00110 spa d | ||
| 010 | _a88828 | ||
| 011 | _a89800 | ||
| 020 | _a9688840777 | ||
| 035 | _a100351 | ||
| 040 | _cCHAP | ||
| 090 | _aFolleto 16773 | ||
| 100 | 0 | 0 |
_aChargoy Zamora, Celestino I. _921959 |
| 245 | 1 | 0 |
_aDigestión ruminal : _b(ecología y evolución) / _c/por Celestino I. Chargoy Zamora. |
| 260 |
_aChapingo, Méx. : _bUACH. Dirección de Difusión Cultural, _c1988. |
||
| 300 |
_a87 p. : _bilus. |
||
| 410 | 0 | 0 | _aUACH. Dirección de Difusión Cultural |
| 490 | 1 | _aApoyos académicos | |
| 590 |
_aBATCH-UPD _b10 _c20130110 _lUCH01 _h1909 |
||
| 590 |
_aBATCH-UPD _b10 _c20130410 _lUCH01 _h1236 |
||
| 590 |
_aBATCH-UPD _b10 _c20130914 _lUCH01 _h1018 |
||
| 590 |
_aCONVERSION _b10 _c20130109 _lUCH01 _h1349 |
||
| 590 |
_aE5995AHE _b05 _c20150216 _lUCH01 _h1020 |
||
| 650 | 1 | 4 |
_aDigestión ruminal. _932568 |
| 650 | 1 | 4 |
_aEcología animal. _935170 |
| 650 | 1 | 4 |
_aRumiantes _xAnatomía y fisiología. _9100843 |
| 810 | 0 | 0 | _aUACH. Dirección de Difusión Cultural |
| 830 | 0 | _aApoyos academicos | |
| 901 | _aBK | ||
| 905 | _aAlejandra Carrasco M. | ||
| 942 | _cFOLL | ||
| 942 | _n0 | ||
| 949 |
_aFolleto 16773 _bBC _cFOLL _d1003511 _eTS1 _i100351 _sb |
||
| 949 |
_aFolleto 16773 _bBC _cFOLL _d1003512 _eTS2 _fc.2 _i100351 _sb |
||
| 949 |
_aFolleto 16773 _bBC _cFOLL _d1003513 _eTS2 _fc.3 _i100351 _sb |
||
| 949 |
_aFolleto 16773 _bBC _cUACH _d1003514 _eUACH _fc.4 _i100351 _sb |
||
| 999 |
_c88828 _d88828 |
||